Genesis : the story of how everything began (Record no. 82122)

MARC details
000 -LEADER
fixed length control field 00788nam a22002657a 4500
003 - CONTROL NUMBER IDENTIFIER
control field CBULib
005 - DATE AND TIME OF LATEST TRANSACTION
control field 20240920081726.0
008 - FIXED-LENGTH DATA ELEMENTS--GENERAL INFORMATION
fixed length control field 230914b |||||||| |||| 00| 0 eng d
020 ## - INTERNATIONAL STANDARD BOOK NUMBER
International Standard Book Number 9781788165105
040 ## - CATALOGING SOURCE
Language of cataloging English
Transcribing agency CBULib
Description conventions rda
041 ## - LANGUAGE CODE
Language code of text/sound track or separate title eng
050 ## - LIBRARY OF CONGRESS CALL NUMBER
Classification number QB 981 Ton
100 ## - MAIN ENTRY--PERSONAL NAME
9 (RLIN) 753
Personal name Tonelli, Guido
245 ## - TITLE STATEMENT
Title Genesis : the story of how everything began
Statement of responsibility, etc / by Guido Tonelli
260 ## - PUBLICATION, DISTRIBUTION, ETC. (IMPRINT)
Place of publication, distribution, etc London :
Name of publisher, distributor, etc Profile books Ltd,
Date of publication, distribution, etc 2021
300 ## - PHYSICAL DESCRIPTION
Extent 223 pages
336 ## - CONTENT TYPE
Source rdacontent
Content type term Text |
Content type code txt
337 ## - MEDIA TYPE
Source rdamedia
Media type term Unmediated |
Media type code n
338 ## - CARRIER TYPE
Source rdacarrier
Carrier type term Volume
Carrier type code nc
650 #0 - SUBJECT ADDED ENTRY--TOPICAL TERM
Source of heading or term Library of congress
9 (RLIN) 754
Topical term or geographic name as entry element COSMOLOGY
650 #0 - SUBJECT ADDED ENTRY--TOPICAL TERM
Source of heading or term Library of congress
9 (RLIN) 755
Topical term or geographic name as entry element LIFE--ORIGIN
700 ## - ADDED ENTRY--PERSONAL NAME
9 (RLIN) 756
Personal name Segre, Erica
700 ## - ADDED ENTRY--PERSONAL NAME
9 (RLIN) 758
Personal name Carnell, Simon
942 ## - ADDED ENTRY ELEMENTS (KOHA)
Source of classification or shelving scheme
Koha item type MONOGRAPH
Holdings
Withdrawn status Lost status Source of classification or shelving scheme Damaged status Not for loan Collection code Permanent Location Current Location Shelving location Date acquired Source of acquisition Cost, normal purchase price Total Checkouts Full call number Barcode Date last seen Copy number Price effective from Koha item type
          Mpika Library Collection CBU-MPIKA LIBRARY, MPIKA CAMPUS. CBU-MAIN LIBRARY, KITWE. General Stacks 09/14/2023 DON-BOOKAID 26.00   QB 981 Ton 752189 09/14/2023 1 09/14/2023 MONOGRAPH
          CBU-Lusaka Campus CBU- LUSAKA CAMPUS CBU-MAIN LIBRARY, KITWE. General Stacks 09/20/2024 DON-BOOKAID 26.00   QB 981 Ton 752769 09/20/2024 2 09/20/2024 MONOGRAPH